[Event "Russian Higher League 2020"]
[Site "?"]
[Date "2020.10.12"]
[Round "5.11"]
[White "Nesterov, Arseniy"]
[Black "Khismatullin, Denis"]
[Result "1/2-1/2"]
[WhiteElo "2510"]
[BlackElo "2604"]
[PlyCount "150"]
[EventDate "2020.??.??"]
[WhiteClock "0:09:34"]
[BlackClock "0:00:49"]

1. d4 Nf6 2. c4 e6 3. Nf3 d5 4. Nc3 c6 5. e3 Nbd7 6. Qc2 Bd6 7. Bd3 O-O 8. O-O
dxc4 9. Bxc4 e5 10. h3 Qe7 11. a3 a5 12. Ba2 b5 13. Rd1 Bb7 14. e4 exd4 15.
Nxd4 g6 16. Bh6 b4 17. Bxf8 Rxf8 18. axb4 axb4 19. Nb1 c5 20. Nf3 Bxe4 21. Qe2
Bxf3 22. Qxf3 Qe5 23. g3 Qxb2 24. Nd2 Be5 25. Nc4 Qc3 26. Nxe5 Qxe5 27. Bb3 Ne4
28. Ra7 Ndf6 29. Kg2 c4 30. Bxc4 Qc5 31. Bxf7+ Rxf7 32. Rxf7 Kxf7 33. Rd7+ Ke6
34. Rb7 Nd6 35. Qe2+ Nfe4 36. Qa2+ Nc4 37. Qe2 Ncd6 38. Qa2+ Kf5 39. Rxh7 Qc6
40. f3 Ng5 41. g4+ Kf6 42. Qb2+ Qc3 43. Qxc3+ bxc3 44. Rc7 Nb5 45. Rc6+ Ke5 46.
h4 Kd5 47. Rc8 Ne6 48. h5 gxh5 49. gxh5 Nbc7 50. h6 c2 51. Rxc7 Nxc7 52. h7
c1=Q 53. h8=Q Ne6 54. Qa8+ Kd6 55. Qb8+ Ke7 56. Qe5 Qd2+ 57. Kg3 Qd3 58. Qe4
Qd1 59. Qb4+ Kf7 60. Qb7+ Kg6 61. Qe4+ Kf6 62. Qh4+ Kg6 63. Qe4+ Kf6 64. Qh4+
Kf7 65. Qh5+ Ke7 66. Qh4+ Kd7 67. Qg4 Qe1+ 68. Kh3 Qd2 69. Kg3 Qe1+ 70. Kh3 Qf2
71. Qg3 Qf1+ 72. Kh2 Qe2+ 73. Qg2 Qe3 74. Qg4 Qd2+ 75. Kg3 Qe1+ 1/2-1/2

[Event "Russian Higher League 2020"]
[Site "?"]
[Date "2020.10.12"]
[Round "5.12"]
[White "Paravyan, David"]
[Black "Gaifullin, Artur"]
[Result "1-0"]
[WhiteElo "2653"]
[BlackElo "2440"]
[PlyCount "57"]
[EventDate "2020.??.??"]
[WhiteClock "0:22:06"]
[BlackClock "0:30:02"]

1. c4 e6 2. Nc3 Nf6 3. e4 d5 4. cxd5 exd5 5. e5 Ne4 6. Nf3 c6 7. d3 Nxc3 8.
bxc3 Be7 9. d4 Bf5 10. Bd3 Bxd3 11. Qxd3 Na6 12. O-O Nc7 13. Rb1 Rb8 14. h4 h6
15. h5 O-O 16. Nh2 Qd7 17. Bd2 c5 18. f4 f5 19. exf6 Rxf6 20. f5 c4 21. Qg3 Bd6
22. Bf4 Bxf4 23. Rxf4 Qd6 24. Ng4 Rf7 25. f6 Kh7 26. Ne5 Rxf6 27. Rxf6 Qxf6 28.
Nd7 Qf5 29. Qg6+ 1-0

[Event "Russian Higher League 2020"]
[Site "?"]
[Date "2020.10.12"]
[Round "5.13"]
[White "Riazantsev, Alexander"]
[Black "Saidov, Bilukhadzh"]
[Result "1-0"]
[WhiteElo "2638"]
[BlackElo "2259"]
[PlyCount "79"]
[EventDate "2020.??.??"]
[WhiteClock "0:31:31"]
[BlackClock "0:03:46"]

1. d4 d5 2. c4 e6 3. Nc3 Nf6 4. cxd5 exd5 5. Bg5 Be7 6. e3 O-O 7. Bd3 Re8 8.
Nge2 c6 9. Qc2 h6 10. Bf4 Be6 11. h3 Nbd7 12. O-O Nf8 13. Rad1 Bd6 14. f3 Bxf4
15. Nxf4 Qd6 16. Qf2 Rad8 17. Bb1 Bc8 18. a3 Re7 19. Qd2 Ne6 20. Nxe6 Bxe6 21.
e4 dxe4 22. fxe4 Qg3 23. Rf3 Qg5 24. Qc2 Red7 25. e5 Ne8 26. Ne4 Qg6 27. Qf2
Qh5 28. Bc2 g5 29. Nc5 Bd5 30. g4 Qh4 31. Nxd7 Bxf3 32. Qxf3 Rxd7 33. Bb3 Re7
34. Rf1 Kh8 35. Kg2 h5 36. Rh1 Kg7 37. Qf5 Kf8 38. Rf1 Ng7 39. Qc8+ Ne8 40.
Bxf7 1-0

[Event "Russian Higher League 2020"]
[Site "?"]
[Date "2020.10.12"]
[Round "5.14"]
[White "Murzin, Volodar"]
[Black "Kobalia, Mikhail"]
[Result "1/2-1/2"]
[WhiteElo "2465"]
[BlackElo "2614"]
[PlyCount "79"]
[EventDate "2020.??.??"]
[WhiteClock "1:18:44"]
[BlackClock "0:46:53"]

1. e4 e5 2. Nf3 Nc6 3. Bb5 Nf6 4. O-O Nxe4 5. Re1 Nd6 6. Nxe5 Be7 7. Bf1 Nxe5
8. Rxe5 O-O 9. d4 Bf6 10. Re1 Re8 11. Bf4 Rxe1 12. Qxe1 Ne8 13. c3 d5 14. Bd3
c6 15. Nd2 g6 16. Nf3 Ng7 17. Qe2 Bf5 18. Bxf5 Nxf5 19. h3 Qd7 20. Re1 Ng7 21.
Be5 Re8 22. Qd2 Bxe5 23. Rxe5 Rxe5 24. Nxe5 Qe7 25. Nd3 Nf5 26. Kf1 Nd6 27. Qe2
Kf8 28. Qe5 f6 29. Qxe7+ Kxe7 30. Ke2 h5 31. g4 hxg4 32. hxg4 g5 33. f3 Nc4 34.
b3 Nd6 35. a4 a5 36. Kd2 b6 37. Ke3 Ke6 38. Kd2 Ke7 39. Ke3 Ke6 40. Kd2 1/2-1/2

[Event "Russian Higher League 2020"]
[Site "?"]
[Date "2020.10.12"]
[Round "5.15"]
[White "Pogosyan, Stefan"]
[Black "Rozum, Ivan"]
[Result "0-1"]
[WhiteElo "2442"]
[BlackElo "2566"]
[PlyCount "80"]
[EventDate "2020.??.??"]
[WhiteClock "0:30:37"]
[BlackClock "0:42:14"]

1. d4 Nf6 2. c4 e6 3. Nc3 Bb4 4. Qc2 c5 5. dxc5 Bxc5 6. Nf3 Nc6 7. Bg5 h6 8.
Bh4 Qa5 9. e3 Bb4 10. Nd2 Bxc3 11. bxc3 b6 12. Be2 Bb7 13. O-O Ne7 14. e4 Ng6
15. Bg3 Qc5 16. Bd3 e5 17. Nb3 Qe7 18. f4 Nh5 19. f5 Nxg3 20. hxg3 Nf8 21. c5
Nh7 22. Qf2 O-O 23. cxb6 axb6 24. Qxb6 Rfb8 25. Qc5 d6 26. Qe3 Nf6 27. c4 Ra3
28. c5 d5 29. exd5 Bxd5 30. Bc2 Rba8 31. Qc3 Qb7 32. Qxe5 Bxg2 33. Rfe1 Bd5 34.
Qc3 R3a4 35. Bd3 Qc7 36. Bf1 Rxa2 37. Rxa2 Rxa2 38. Nd2 Rc2 39. Qe3 Ng4 40. Qd4
Qxg3+ 0-1

[Event "Russian Higher League 2020"]
[Site "?"]
[Date "2020.10.12"]
[Round "5.16"]
[White "Iljiushenok, Ilia"]
[Black "Samusenko, Maksim"]
[Result "1-0"]
[WhiteElo "2515"]
[BlackElo "2459"]
[PlyCount "239"]
[EventDate "2020.??.??"]
[WhiteClock "0:08:23"]
[BlackClock "0:01:14"]

1. d4 Nf6 2. c4 d6 3. Nc3 g6 4. e4 Bg7 5. Nf3 O-O 6. Be2 Bg4 7. Be3 Nfd7 8. Rc1
c5 9. d5 Bxf3 10. Bxf3 Na6 11. h4 Nc7 12. h5 Re8 13. hxg6 fxg6 14. b3 e6 15.
dxe6 Ne5 16. Be2 Nxe6 17. Qd2 Nf7 18. Bg4 Nd4 19. f4 a6 20. Bf3 b5 21. cxb5
axb5 22. Bxd4 Bxd4 23. Nxb5 Bg7 24. a4 Kh8 25. g3 Qb6 26. Qd5 Rf8 27. Rc4 Ra6
28. O-O Qd8 29. Rc2 Qe7 30. Bg4 Rb6 31. Re2 Nh6 32. Bh3 Nf7 33. Qe6 Qb7 34. Rd1
g5 35. Qd5 Qe7 36. Rf1 gxf4 37. gxf4 Qh4 38. Rh2 Qg3+ 39. Kh1 Nh6 40. Nxd6 Rxf4
41. e5 Rxf1+ 42. Bxf1 Qf4 43. Bd3 Rb4 44. Bc4 Rb8 45. Qd2 Bxe5 46. Qxf4 Bxf4
47. Rh4 Bxd6 48. Rxh6 Bc7 49. Ra6 Bd8 50. a5 Kg7 51. Ra7+ Kf6 52. a6 Ke5 53.
Rd7 Bb6 54. Rd5+ Kf4 55. Rd7 Ra8 56. Rb7 Ba7 57. Bd5 Ke5 58. Bg2 Bb8 59. Re7+
Kd6 60. Re8 Rxa6 61. Rxb8 Ra1+ 62. Kh2 Rb1 63. Rb7 Rc1 64. Rb5 Ke5 65. Rb8 c4
66. b4 Rb1 67. b5 c3 68. Rc8 Kd4 69. Rd8+ Kc5 70. Rc8+ Kd4 71. Rd8+ Kc5 72. Kg3
Rxb5 73. Be4 Kb4 74. Kf3 Rc5 75. Bc2 Re5 76. Rb8+ Rb5 77. Ra8 Ra5 78. Rb8+ Rb5
79. Rc8 Rc5 80. Re8 Rd5 81. Ke3 Rb5 82. Kd4 Rb6 83. Rd8 h5 84. Kd3 Rf6 85. Rb8+
Kc5 86. Kxc3 Rh6 87. Be4 Ra6 88. Rc8+ Kd6 89. Rh8 Ra5 90. Rh6+ Ke7 91. Kd4 Rg5
92. Ke3 Kf7 93. Kf4 Ra5 94. Bf5 Kg7 95. Rxh5 Ra1 96. Be4 Ra4 97. Ke5 Ra5+ 98.
Bd5 Rb5 99. Rg5+ Kh6 100. Kf6 Rb6+ 101. Kf5 Rb5 102. Rg6+ Kh5 103. Rd6 Rb8 104.
Be6 Rf8+ 105. Ke5 Rf1 106. Bf5 Rg1 107. Rd8 Kh4 108. Rh8+ Kg3 109. Rh3+ Kg2
110. Ra3 Rc1 111. Be4+ Kf2 112. Kf4 Re1 113. Bd3 Re8 114. Ra2+ Ke1 115. Be4 Kd1
116. Ke3 Kc1 117. Rc2+ Kd1 118. Rc5 Re7 119. Rh5 Kc1 120. Rb5 1-0

[Event "Russian Higher League 2020"]
[Site "?"]
[Date "2020.10.12"]
[Round "5.17"]
[White "Shuvalova, Polina"]
[Black "Lobanov, Sergei"]
[Result "0-1"]
[WhiteElo "2441"]
[BlackElo "2510"]
[PlyCount "136"]
[EventDate "2020.??.??"]
[WhiteClock "0:00:54"]
[BlackClock "0:02:42"]

1. e4 c6 2. d4 d5 3. exd5 cxd5 4. Bd3 Nc6 5. c3 Qc7 6. Ne2 Bg4 7. O-O e6 8. Qe1
Be7 9. h3 Bh5 10. Nf4 Bg6 11. Nxg6 hxg6 12. Nd2 Nf6 13. Nf3 Bd6 14. Ng5 Bh2+
15. Kh1 Bf4 16. Bxf4 Qxf4 17. Qe3 Qxe3 18. fxe3 Ke7 19. g4 Raf8 20. Kg2 Nd7 21.
e4 dxe4 22. Bxe4 Nd8 23. c4 Kd6 24. c5+ Kc7 25. b4 f6 26. Nf3 g5 27. b5 e5 28.
c6 bxc6 29. bxc6 Nb6 30. dxe5 Ne6 31. Kg3 Nf4 32. Rh1 Na4 33. Rae1 Nc3 34. exf6
gxf6 35. Bf5 Re8 36. Rxe8 Rxe8 37. h4 gxh4+ 38. Rxh4 Nfe2+ 39. Kf2 Nd1+ 40. Ke1
Nec3+ 41. Kf1 Kxc6 42. Rh7 Ne3+ 43. Kg1 Nxf5 44. gxf5 a5 45. Rf7 Ne4 46. a4
Rg8+ 47. Kh2 Kc5 48. Rb7 Nd6 49. Ra7 Kb4 50. Nd4 Kxa4 51. Nc6 Nc4 52. Rf7 Rh8+
53. Kg3 Rh6 54. Rg7 Rh5 55. Kg4 Rh8 56. Rg6 Rf8 57. Kf4 Ka3 58. Ke4 a4 59. Rg3+
Kb2 60. Kd5 Nd2 61. Ke6 a3 62. Nb4 Re8+ 63. Kf7 Re4 64. Rg2 Rd4 65. Kxf6 Kb3
66. Ke5 Nf3+ 67. Ke6 Rxb4 68. f6 a2 0-1

[Event "Russian Higher League 2020"]
[Site "?"]
[Date "2020.10.12"]
[Round "5.18"]
[White "Ovchinnikov, Vsevolod"]
[Black "Zabotin, Alexander"]
[Result "1/2-1/2"]
[WhiteElo "2349"]
[BlackElo "2486"]
[PlyCount "85"]
[EventDate "2020.??.??"]
[WhiteClock "0:25:42"]
[BlackClock "0:47:16"]

1. d4 d5 2. c4 Nc6 3. Nf3 Bg4 4. Nc3 e6 5. e3 Nf6 6. h3 Bxf3 7. Qxf3 Bb4 8. Bd2
O-O 9. cxd5 exd5 10. Bd3 Re8 11. O-O a6 12. Rfd1 Ne7 13. Ne2 Bd6 14. Nf4 Ng6
15. g3 c6 16. Qg2 Ne4 17. Be1 Nxf4 18. exf4 Qb6 19. f3 Nf6 20. Kh2 Re3 21. Bf2
Re7 22. Rd2 Rae8 23. Rc2 Nh5 24. Rg1 g6 25. Qf1 f5 26. Kh1 Qa5 27. g4 fxg4 28.
fxg4 Nxf4 29. Bg3 Rf8 30. Rf2 Ref7 31. Bf5 gxf5 32. Bxf4 Bxf4 33. Rxf4 Qd8 34.
gxf5+ Kh8 35. Qg2 Rg8 36. Rg4 Rxg4 37. Qxg4 Qf8 38. Rf1 Qe7 39. f6 Rxf6 40.
Rxf6 Qxf6 41. Qc8+ Kg7 42. Qxb7+ Kg6 43. Qxa6 1/2-1/2

[Event "Russian Higher League 2020"]
[Site "?"]
[Date "2020.10.12"]
[Round "5.19"]
[White "Lugovskoy, Maxim"]
[Black "Yuffa, Daniil"]
[Result "1/2-1/2"]
[WhiteElo "2420"]
[BlackElo "2583"]
[PlyCount "91"]
[EventDate "2020.??.??"]
[WhiteClock "0:23:38"]
[BlackClock "0:29:44"]

1. e4 c6 2. Nc3 d5 3. Nf3 Bg4 4. d4 e6 5. h3 Bxf3 6. Qxf3 Nf6 7. Bd3 dxe4 8.
Nxe4 Qxd4 9. Be3 Bb4+ 10. Ke2 Qd8 11. Qg3 Bf8 12. Rhd1 Nbd7 13. Nxf6+ Nxf6 14.
c4 h5 15. Kf1 h4 16. Qf3 Qc7 17. a3 Bd6 18. Rd2 O-O-O 19. Bxa7 Bf4 20. Rdd1 g5
21. a4 Qa5 22. Be3 Bxe3 23. Qxe3 Nd7 24. Rab1 Qe5 25. b4 Qxe3 26. fxe3 Ne5 27.
Be2 Rxd1+ 28. Rxd1 b6 29. a5 Kb7 30. axb6 Kxb6 31. Ra1 Rd8 32. Ra5 f6 33. c5+
Kb7 34. Ra6 Rd2 35. Rb6+ Kc7 36. Ra6 f5 37. b5 Rc2 38. b6+ Kb8 39. Ra7 Rxc5 40.
Ba6 Ra5 41. Rb7+ Kc8 42. Ra7+ Kb8 43. Rb7+ Kc8 44. Ra7+ Kb8 45. Rb7+ Kc8 46.
Ra7+ 1/2-1/2

[Event "Russian Higher League 2020"]
[Site "?"]
[Date "2020.10.12"]
[Round "5.20"]
[White "Belyakov, Bogdan"]
[Black "Klimentov, Evgeny"]
[Result "1/2-1/2"]
[WhiteElo "2458"]
[BlackElo "2222"]
[PlyCount "189"]
[EventDate "2020.??.??"]
[WhiteClock "0:23:53"]
[BlackClock "0:25:39"]

1. d4 Nf6 2. Nc3 d5 3. Bf4 e6 4. Nb5 Na6 5. a3 c6 6. Nc3 Be7 7. e3 O-O 8. h3 b5
9. Nf3 b4 10. axb4 Nxb4 11. Be2 a5 12. O-O Ba6 13. Bxa6 Nxa6 14. Ne5 Qb6 15.
Na4 Qb7 16. Bg5 Qc7 17. c4 c5 18. cxd5 cxd4 19. Bxf6 Bxf6 20. Ng4 dxe3 21.
Nxf6+ gxf6 22. fxe3 Qe5 23. Qg4+ Kh8 24. Qf4 Qxf4 25. Rxf4 Nc7 26. Nb6 Nxd5 27.
Nxd5 exd5 28. Rxf6 a4 29. Rf5 Rab8 30. Ra2 Rb3 31. Kf2 Rfb8 32. Rxa4 Rxb2+ 33.
Kf3 R8b7 34. Rxd5 R2b6 35. Rf4 Kg7 36. h4 h6 37. Rdf5 Re7 38. Rg4+ Kh7 39. Re4
Rxe4 40. Kxe4 Rb4+ 41. Kf3 Kg6 42. g4 Rb1 43. h5+ Kg7 44. Rf4 Rf1+ 45. Ke2 Rg1
46. Kf2 Rb1 47. Ra4 Rb2+ 48. Kf3 Rb1 49. Kf4 Rf1+ 50. Ke5 Re1 51. Re4 Re2 52.
Kf5 Rf2+ 53. Rf4 Rb2 54. Rf3 Rb6 55. Kf4 Rf6+ 56. Kg3 Re6 57. Kf2 Rb6 58. Rf5
Rb2+ 59. Kg3 Rb1 60. Rf2 Rb4 61. Ra2 Rb1 62. e4 Rg1+ 63. Kf3 Rb1 64. Rf2 Ra1
65. Kf4 Re1 66. Kf5 Rg1 67. Rf3 Rg2 68. Rf1 Re2 69. Rg1 Rf2+ 70. Ke5 Kh7 71.
Kd6 Re2 72. Ke5 Rf2 73. Rg3 Rf1 74. Rg2 Rf3 75. Kd4 Rh3 76. e5 Rh1 77. Rg3 Kg7
78. Ke4 Re1+ 79. Re3 Rf1 80. Rf3 Re1+ 81. Kf5 Rg1 82. Kf4 Re1 83. Kf5 Rg1 84.
Rf2 Re1 85. g5 hxg5 86. h6+ Kxh6 87. Kf6 Re4 88. Kxf7 Rf4+ 89. Rxf4 gxf4 90. e6
f3 91. e7 f2 92. e8=Q f1=Q+ 93. Ke7 Qe2+ 94. Kd8 Qxe8+ 95. Kxe8 1/2-1/2

[Event "Russian Higher League 2020"]
[Site "?"]
[Date "2020.10.12"]
[Round "5.21"]
[White "Obgolts, Erik"]
[Black "Rodin, Dmitrij"]
[Result "1-0"]
[WhiteElo "2376"]
[BlackElo "2388"]
[PlyCount "109"]
[EventDate "2020.??.??"]
[WhiteClock "0:15:27"]
[BlackClock "0:14:25"]

1. e4 c5 2. Nf3 e6 3. d4 cxd4 4. Nxd4 a6 5. Bd3 Qb6 6. Nb3 Qc7 7. O-O Nf6 8.
Qe2 d6 9. f4 Nc6 10. Be3 Be7 11. a4 O-O 12. Nc3 Re8 13. a5 Nd7 14. Qf2 Nb4 15.
Na4 Nf6 16. Nb6 Rb8 17. h3 Bd7 18. Qd2 Nxd3 19. cxd3 Rbd8 20. Rac1 Qb8 21. Qc3
e5 22. Nd2 Bb5 23. Qb3 d5 24. fxe5 Qxe5 25. Nf3 Qe6 26. Nd4 Qe5 27. Nxb5 axb5
28. Rf5 Qe6 29. Nxd5 b4 30. Bb6 Rc8 31. Rcf1 Qd7 32. Nxe7+ Rxe7 33. Qxb4 Re6
34. Bd4 Rc2 35. R5f2 Rcc6 36. e5 Nd5 37. Qb5 Re7 38. Qa4 h6 39. b4 Qe6 40. b5
Rcc7 41. a6 Rc8 42. Qa2 Rd7 43. a7 Ra8 44. b6 Qc6 45. Qc4 Qg6 46. Qb5 Qe6 47.
Rc1 Rdd8 48. Rcf1 Rd7 49. Kh1 Rc8 50. Qa4 Ra8 51. Bc5 Nc3 52. Qg4 Qc6 53. e6 h5
54. exf7+ Rxf7 55. Qc4 1-0

[Event "Russian Higher League 2020"]
[Site "?"]
[Date "2020.10.12"]
[Round "5.22"]
[White "Nazaretyan, Tigran"]
[Black "Sarana, Alexey"]
[Result "0-1"]
[WhiteElo "2308"]
[BlackElo "2657"]
[PlyCount "152"]
[EventDate "2020.??.??"]
[WhiteClock "0:02:56"]
[BlackClock "0:23:33"]

1. d4 Nf6 2. c4 g6 3. Nc3 d5 4. cxd5 Nxd5 5. e4 Nxc3 6. bxc3 Bg7 7. Be3 c5 8.
Qd2 Qa5 9. Rb1 Nd7 10. h4 O-O 11. Bd3 e5 12. d5 f5 13. f3 f4 14. Bf2 h6 15. Ne2
Qd8 16. a4 Kh7 17. Qa2 Rf7 18. a5 Bf8 19. c4 Nf6 20. Kd2 Ne8 21. Nc3 Nc7 22.
Ke2 Na6 23. Ra1 Bd7 24. Qb2 Qf6 25. Bc2 Nb4 26. Ba4 Bc8 27. Na2 Nxa2 28. Rxa2
Bd6 29. Qb5 Rc7 30. Qb1 Rb8 31. Rb2 Rg7 32. Rb3 Qd8 33. Qe1 g5 34. hxg5 Rxg5
35. Rh2 Rg6 36. Qc3 Qg8 37. Rb1 Rxg2 38. Rxg2 Qxg2 39. Rg1 Qh3 40. Be8 Bf5 41.
exf5 Rxe8 42. Rg6 Bf8 43. Qd3 e4 44. fxe4 Qxf5 45. Rg1 Rxe4+ 46. Kd2 f3 47. Re1
Re2+ 48. Rxe2 Qxd3+ 49. Kxd3 fxe2 50. Kxe2 Kg6 51. Bg3 Kf5 52. Kf3 h5 53. Bb8
h4 54. Bc7 Bg7 55. Bb8 a6 56. Bd6 Bc3 57. Bxc5 Bxa5 58. Bd4 Bd8 59. c5 a5 60.
c6 bxc6 61. dxc6 a4 62. Bc5 Bc7 63. Ba3 h3 64. Kf2 Ke4 65. Kg1 Kd5 66. Kh1 Kxc6
67. Bb2 Bd6 68. Bc1 Kd5 69. Kg1 Kc4 70. Kh1 Kb3 71. Kg1 Kc2 72. Bg5 a3 73. Bf6
a2 74. Kh1 Bb4 75. Ba1 Bc3 76. Kh2 Bxa1 0-1

[Event "Russian Higher League 2020"]
[Site "?"]
[Date "2020.10.12"]
[Round "5.23"]
[White "Sergeyev, Alexander"]
[Black "Stukan, Martin"]
[Result "0-1"]
[WhiteElo "2374"]
[BlackElo "2316"]
[PlyCount "76"]
[EventDate "2020.??.??"]
[WhiteClock "0:00:50"]
[BlackClock "0:02:03"]

1. d4 Nf6 2. Nf3 d5 3. c4 e6 4. Nc3 dxc4 5. e3 a6 6. Bxc4 b5 7. Bd3 Bb7 8. O-O
Nbd7 9. Qe2 c5 10. Rd1 Qc7 11. e4 cxd4 12. Nxd4 Bc5 13. Nb3 Bd6 14. h3 b4 15.
Nb1 Ne5 16. Bf4 O-O 17. a3 Nxd3 18. Bxd6 Qxd6 19. Rxd3 Qb6 20. N1d2 Rfd8 21.
axb4 Qxb4 22. f3 Nh5 23. Rc1 Nf4 24. Rxd8+ Rxd8 25. Qc4 Qe7 26. Kh2 Qg5 27. g3
Nh5 28. Nf1 g6 29. Qe2 Rb8 30. Rc3 a5 31. Rc5 Qe7 32. Qb5 Qf6 33. Qe2 a4 34.
Nc1 Ba6 35. Qxa6 Rxb2+ 36. Ne2 Qxf3 37. Qc8+ Kg7 38. Rc2 Qf2+ 0-1

[Event "Russian Higher League 2020"]
[Site "?"]
[Date "2020.10.12"]
[Round "5.24"]
[White "Rodchenkov, Vitaly"]
[Black "Bimiev, Ahmad"]
[Result "1/2-1/2"]
[WhiteElo "2321"]
[BlackElo "2252"]
[PlyCount "80"]
[EventDate "2020.??.??"]
[WhiteClock "0:40:12"]
[BlackClock "0:10:30"]

1. d4 Nf6 2. Nf3 g6 3. Bg5 Bg7 4. Nbd2 d5 5. e3 O-O 6. Bd3 c5 7. c3 Nc6 8. O-O
Nd7 9. Rb1 h6 10. Bh4 Qb6 11. b4 c4 12. Bc2 e5 13. b5 Nd8 14. e4 exd4 15. Nxd4
Ne6 16. Nxe6 Qxe6 17. exd5 Qxd5 18. Ne4 Qxd1 19. Rbxd1 g5 20. Bg3 Nb6 21. Bd6
Re8 22. Bb4 Bf5 23. f3 Rad8 24. Ba5 Bxe4 25. Bxe4 Rxd1 26. Rxd1 Na4 27. Bxb7
Nxc3 28. Bxc3 Bxc3 29. Kf1 Be5 30. g3 c3 31. Be4 Rc8 32. Bc2 Kf8 33. Rd5 Re8
34. Rd7 Re7 35. Rd8+ Re8 36. Rd7 Re7 37. Rd8+ Re8 38. Rd7 Re7 39. Rd8+ Re8 40.
Rd7 Re7 1/2-1/2

[Event "Russian Higher League 2020"]
[Site "?"]
[Date "2020.10.12"]
[Round "5.25"]
[White "Ibadov, Dashgyn"]
[Black "Tugarin, Anton"]
[Result "1/2-1/2"]
[WhiteElo "2296"]
[BlackElo "2224"]
[PlyCount "118"]
[EventDate "2020.??.??"]
[WhiteClock "0:00:42"]
[BlackClock "0:01:18"]

1. e4 e6 2. d4 d5 3. Nc3 Bb4 4. e5 Ne7 5. a3 Bxc3+ 6. bxc3 c5 7. h4 Qa5 8. Bd2
Qa4 9. Qg4 Qxc2 10. Qxg7 Rg8 11. Qh6 cxd4 12. cxd4 Qb2 13. Rc1 Qxd4 14. Nf3
Qe4+ 15. Be3 Qg6 16. Qf4 Nbc6 17. h5 Qf5 18. Ng5 Rh8 19. g4 Qxf4 20. Bxf4 h6
21. Nf3 Bd7 22. g5 O-O-O 23. Bd3 Rdg8 24. gxh6 Nf5 25. Bxf5 exf5 26. Ng5 Be6
27. Kd2 Kd7 28. Rhg1 Re8 29. Nf3 d4 30. Kd3 Bd5 31. Rxc6 bxc6 32. Nxd4 Be4+ 33.
Ke3 c5 34. Nb3 Rc8 35. Rc1 c4 36. Nd4 Rhg8 37. Nb5 Bd5 38. Rd1 Rc5 39. Nc3 Ke6
40. a4 a6 41. Ne2 c3 42. Nd4+ Ke7 43. Nxf5+ Kd7 44. Nd4 Kc8 45. Rc1 Kb7 46. Kd3
Rgc8 47. Bg5 Rh8 48. f4 Kb6 49. Rxc3 Be4+ 50. Kd2 Rxc3 51. Kxc3 Kc5 52. e6 fxe6
53. Nxe6+ Kd6 54. Nd8 Rh7 55. Kd4 Bf5 56. Bf6 Kd7 57. Bg5 Bg4 58. Ke5 Bxh5 59.
f5 Rxh6 1/2-1/2

[Event "Russian Higher League 2020"]
[Site "?"]
[Date "2020.10.14"]
[Round "6.1"]
[White "Antipov, Mikhail Al"]
[Black "Chigaev, Maksim"]
[Result "0-1"]
[WhiteElo "2591"]
[BlackElo "2598"]
[PlyCount "78"]
[EventDate "2020.??.??"]

1. e4 e5 2. Nf3 Nc6 3. Bc4 Nf6 4. d3 Bc5 5. O-O d6 6. c3 a5 7. h3 O-O 8. Re1 h6
9. Nbd2 a4 10. Nf1 Bd7 11. d4 Bb6 12. Ng3 Re8 13. Be3 exd4 14. Nxd4 Ne5 15. Bf1
Ng6 16. Nc2 Bxe3 17. Rxe3 Ra5 18. Qd4 Rae5 19. Rae1 Bc6 20. Nb4 Bd7 21. Qa7 b5
22. Qb7 c5 23. Nc6 Bxc6 24. Qxc6 c4 25. Rd1 R8e6 26. Qb7 Qe8 27. Rd4 Nf4 28.
Nf5 d5 29. exd5 N4xd5 30. Rxe5 Rxe5 31. Nd6 Qe6 32. Nxb5 Re1 33. Nc7 Nxc7 34.
Qxc7 Qe2 35. Qc8+ Ne8 36. Qxc4 Rxf1+ 37. Kh2 Qxf2 38. Qxa4 Qg1+ 39. Kg3 Qe3+
0-1

[Event "Russian Higher League 2020"]
[Site "?"]
[Date "2020.10.14"]
[Round "6.2"]
[White "Sakaev, Konstantin"]
[Black "Artemiev, Vladislav"]
[Result "1/2-1/2"]
[WhiteElo "2596"]
[BlackElo "2716"]
[PlyCount "73"]
[EventDate "2020.??.??"]

1. d4 d5 2. c4 e6 3. Nf3 a6 4. Bg5 Be7 5. Bxe7 Nxe7 6. Nbd2 Nd7 7. g3 dxc4 8.
Nxc4 b5 9. Ncd2 Bb7 10. Qc2 Rc8 11. Nb3 c5 12. dxc5 Nxc5 13. Nxc5 Qa5+ 14. Qd2
Qxd2+ 15. Kxd2 Rxc5 16. Bg2 Rd5+ 17. Kc2 Rf5 18. Rad1 Be4+ 19. Kd2 O-O 20. Rhg1
Rc5 21. Ne1 Rd8+ 22. Nd3 Bxd3 23. exd3 Rc7 24. Rge1 Nf5 25. Rc1 Rcd7 26. Bf1 g5
27. Re5 Kg7 28. Rec5 Kf6 29. Rc8 Ne7 30. Rxd8 Rxd8 31. Rc7 Rd6 32. Be2 Nc6 33.
Bh5 Ne5 34. Be2 Nc6 35. Bh5 Ne5 36. Be2 Nc6 37. Bh5 1/2-1/2

[Event "Russian Higher League 2020"]
[Site "?"]
[Date "2020.10.14"]
[Round "6.3"]
[White "Sjugirov, Sanan"]
[Black "Goganov, Aleksey"]
[Result "0-1"]
[WhiteElo "2675"]
[BlackElo "2573"]
[PlyCount "106"]
[EventDate "2020.??.??"]

1. d4 Nf6 2. c4 e6 3. Nf3 d5 4. Nc3 dxc4 5. e4 Bb4 6. Bg5 h6 7. Bxf6 Qxf6 8.
Bxc4 c5 9. O-O cxd4 10. e5 Qd8 11. Ne4 O-O 12. Qe2 Be7 13. Rad1 Qc7 14. Rc1 Bd7
15. Ng3 Bc6 16. Nxd4 Rd8 17. Nxc6 Nxc6 18. Bb5 Qxe5 19. Qxe5 Nxe5 20. Rc7 a6
21. Be2 Rd7 22. Rxd7 Nxd7 23. Rc1 Nc5 24. b4 Na4 25. Bf3 Bxb4 26. Bxb7 Ra7 27.
Rc8+ Kh7 28. Be4+ g6 29. Bc6 Nc3 30. a4 Kg7 31. Kf1 a5 32. Ne2 Nd5 33. Bxd5
exd5 34. Rd8 Rc7 35. Nf4 Rc1+ 36. Ke2 Rc2+ 37. Kf3 Ra2 38. Nd3 Bc3 39. Rxd5
Rxa4 40. Rc5 Bf6 41. Rc7 Ra3 42. Ke2 a4 43. f4 Ra1 44. Ne5 Bxe5 45. fxe5 Kf8
46. Ra7 a3 47. Kf2 a2 48. h3 g5 49. Kg3 h5 50. h4 gxh4+ 51. Kh2 Ke8 52. Ra3 Kd7
53. Ra6 Ke7 0-1

[Event "Russian Higher League 2020"]
[Site "?"]
[Date "2020.10.14"]
[Round "6.4"]
[White "Sviridov, Valery"]
[Black "Fedoseev, Vladimir"]
[Result "0-1"]
[WhiteElo "2558"]
[BlackElo "2674"]
[PlyCount "68"]
[EventDate "2020.??.??"]

1. d4 d5 2. Nf3 c6 3. Bf4 Nf6 4. c3 Bf5 5. e3 a5 6. Nbd2 Nbd7 7. Nh4 Bg4 8. Qb3
b5 9. a4 e5 10. dxe5 Nc5 11. Qc2 Nfe4 12. Nhf3 Nxd2 13. Nxd2 Nxa4 14. Bd3 g6
15. Nb3 Bg7 16. e4 O-O 17. O-O Be6 18. Nd4 Qd7 19. Rad1 Nc5 20. exd5 Bxd5 21.
Be2 Ne6 22. Bg3 Nxd4 23. Rxd4 Qb7 24. Rfd1 Rae8 25. f4 f6 26. c4 fxe5 27. fxe5
bxc4 28. Bxc4 Qb6 29. Bxd5+ cxd5 30. Bf2 Bxe5 31. Rh4 Qb5 32. b3 Rc8 33. Qa2
Rc3 34. b4 Qd3 0-1

[Event "Russian Higher League 2020"]
[Site "?"]
[Date "2020.10.14"]
[Round "6.5"]
[White "Pridorozhni, Aleksei"]
[Black "Ponkratov, Pavel"]
[Result "1/2-1/2"]
[WhiteElo "2596"]
[BlackElo "2628"]
[PlyCount "144"]
[EventDate "2020.??.??"]

1. e4 d5 2. exd5 Qxd5 3. Nc3 Qd6 4. d4 Nf6 5. Nf3 c6 6. g3 Bf5 7. Bg2 e6 8. O-O
Nbd7 9. Bf4 Qb4 10. Qc1 Be7 11. Re1 O-O 12. Bc7 Bd8 13. a3 Qe7 14. Bf4 Nb6 15.
Nh4 Bg4 16. h3 Bh5 17. b3 Qd7 18. g4 Bg6 19. Be5 Bc7 20. Nd1 Qd8 21. Nxg6 hxg6
22. c4 Nbd7 23. Bxc7 Qxc7 24. Qe3 Rfd8 25. Nb2 Nf8 26. Rad1 Qe7 27. b4 a5 28.
Qb3 axb4 29. axb4 Qc7 30. c5 b5 31. cxb6 Qxb6 32. Nc4 Qb5 33. Ne5 Nd5 34. Rc1
Rac8 35. Rc4 Nd7 36. Rec1 Nxe5 37. dxe5 Ne7 38. Rc5 Qe2 39. Bf3 Qd2 40. Qc3 Rb8
41. Qxd2 Rxd2 42. R1c4 Rb2 43. Bxc6 R2xb4 44. Be4 g5 45. Rxb4 Rxb4 46. f3 Rb2
47. Rc7 Kf8 48. Ra7 g6 49. Ra8+ Kg7 50. Ra7 Nc8 51. Rc7 Nb6 52. Rb7 Nc4 53.
Rxb2 Nxb2 54. Kg2 Nc4 55. h4 gxh4 56. g5 Nxe5 57. Kh3 Kf8 58. Kxh4 Ke7 59. Kg3
Kd6 60. Bc2 Kd5 61. f4 Nc4 62. Kf3 Kd4 63. Ba4 Nd2+ 64. Ke2 Ne4 65. Kf3 Nd6 66.
Bc6 Kc5 67. Ba4 Kd5 68. Bd7 e5 69. fxe5 Kxe5 70. Kg4 Ne4 71. Ba4 Nc5 72. Bb5
f5+ 1/2-1/2

[Event "Russian Higher League 2020"]
[Site "?"]
[Date "2020.10.14"]
[Round "6.6"]
[White "Esipenko, Andrey"]
[Black "Lintchevski, Daniil"]
[Result "1-0"]
[WhiteElo "2682"]
[BlackElo "2559"]
[PlyCount "87"]
[EventDate "2020.??.??"]

1. e4 c5 2. Nf3 Nc6 3. d4 cxd4 4. Nxd4 e5 5. Nb5 d6 6. N1c3 a6 7. Na3 Be6 8.
Nc4 Rb8 9. g3 Nf6 10. Ne3 g6 11. Bg2 Bh6 12. O-O O-O 13. f4 exf4 14. gxf4 Qb6
15. Kh1 Rbe8 16. Qxd6 Rd8 17. Qa3 Qa7 18. e5 Nh5 19. Ned5 b5 20. Be3 b4 21. Qa4
bxc3 22. Bxa7 cxb2 23. Qxc6 bxa1=Q 24. Rxa1 Bxf4 25. Rf1 Bxe5 26. Bc5 Rfe8 27.
Nc7 Bxc7 28. Qxc7 Bc4 29. Rc1 Rc8 30. Qd6 Rcd8 31. Qb6 Nf4 32. Qb4 Ne2 33. Re1
Bxa2 34. Bf2 Rc8 35. Bf3 Bc4 36. Qd2 Rcd8 37. Qg5 Rc8 38. h4 Bb5 39. Bd5 Nc3
40. Rxe8+ Bxe8 41. Bb7 Rc4 42. Qd8 Kf8 43. Bc5+ Kg7 44. Bd4+ 1-0